[Event "Elenite"]
[Site "Elenite"]
[Date "1995.??.??"]
[Round "1"]
[White "Topalov, Veselin"]
[Black "Dolmatov, Sergey"]
[Result "1/2-1/2"]
[WhiteElo "2670"]
[BlackElo "2615"]
[PlyCount "150"]
[EventDate "1995.09.??"]
[EventType "tourn"]
[EventRounds "9"]
[EventCountry "BUL"]
[EventCategory "15"]
[SourceTitle "CBM 050"]
[Source "ChessBase"]
[SourceDate "1996.02.01"]
[SourceVersion "1"]
[SourceVersionDate "1996.02.01"]
[SourceQuality "1"]

1. d4 Nf6 2. c4 g6 3. Nc3 Bg7 4. e4 d6 5. f4 O-O 6. Nf3 c5 7. dxc5 Qa5 8. Bd3
Qxc5 9. Qe2 Bg4 10. Be3 Qa5 11. O-O Nc6 12. Rac1 Nd7 13. Qf2 Bxf3 14. gxf3 Nc5
15. Bb1 Na4 16. Nxa4 Qxa4 17. Rfd1 Rac8 18. b3 Qa5 19. Rd5 Qc7 20. Rcd1 b6 21.
a3 Rfd8 22. h4 e6 23. Rg5 Qe7 24. h5 Qf6 25. hxg6 fxg6 26. f5 Bh6 27. Rg2 Bxe3
28. Qxe3 Rc7 29. fxg6 hxg6 30. e5 dxe5 31. Rxd8+ Qxd8 32. Rxg6+ Rg7 33. Qh6 Qf6
34. Kf2 Rxg6 35. Bxg6 Nd4 36. Bh7+ Kf7 37. Qxf6+ Kxf6 38. b4 Ke7 39. Ke3 Kd6
40. Be4 Nf5+ 41. Kd3 Nd4 42. a4 Nb3 43. Kc3 Nd4 44. a5 bxa5 45. c5+ Kd7 46.
bxa5 Nb5+ 47. Kd3 Nc7 48. Bb7 Ke7 49. Bc6 Na6 50. Kc4 Nc7 51. Ba4 Kd8 52. Bc2
Ke7 53. Bd3 Kd7 54. Bc2 Ke7 55. Be4 Kd7 56. Bb7 Ke7 57. Kd3 Kf6 58. Ke4 Nb5 59.
Ba6 Nc7 60. Bc4 Ne8 61. Bf1 Nc7 62. Be2 Ne8 63. f4 exf4 64. Kxf4 Nc7 65. Bc4
Ke7 66. Ke5 Kd7 67. Bd3 Kc6 68. Kd4 e5+ 69. Kc4 Kb7 70. Be4+ Kb8 71. c6 Na8 72.
Kd5 Nc7+ 73. Kc5 Na8 74. Kd6 Nc7 75. Kd7 Na8 1/2-1/2

[Event "Belgrade Investbank"]
[Site "Belgrade"]
[Date "1995.??.??"]
[Round "7"]
[White "Timman, Jan H"]
[Black "Topalov, Veselin"]
[Result "1/2-1/2"]
[WhiteElo "2595"]
[BlackElo "2670"]
[Annotator "Stohl,I"]
[PlyCount "81"]
[EventDate "1995.11.??"]
[EventType "tourn"]
[EventRounds "11"]
[EventCountry "YUG"]
[EventCategory "17"]
[SourceTitle "CBM 051"]
[Source "ChessBase"]
[SourceDate "1996.04.01"]
[SourceVersion "1"]
[SourceVersionDate "1996.04.01"]
[SourceQuality "1"]

1. Nf3 Nf6 2. d4 g6 3. Bg5 Bg7 4. c3 d6 5. Nbd2 O-O 6. e4 c5 7. Bd3 $6 {
White's pieces, especially his N on d2, are not well placed to maintain a full
e4,d4 centre. Therefore it's better to resolve the d4,c5 tension.} (7. dxc5
dxc5 8. Bc4 Nc6 9. O-O Na5 (9... Qc7 $142 $10) 10. Be2 a6 11. Re1 Be6 12. Bf4
h6 13. Qc2 b5 14. h3 g5 15. Bh2 Qb6 16. e5 Nd7 17. Ne4 Rfd8 18. Ng3 Nf8 19. Nf5
Ng6 20. Bd3 Kf8 21. Be4 Rab8 22. b3 Rd7 23. Bg3 $14 {Gausel,E-Lejlic,S/Gausdal
TM/1996/}) (7. d5 $5 h6 8. Bh4 e6 9. dxe6 Bxe6 10. Bc4 Bxc4 11. Bxf6 Qxf6 12.
Nxc4 Qe6 13. Qd5 Qxd5 14. exd5 Re8+ 15. Kd2 Bf8 16. Rhe1 Nd7 17. Rxe8 Rxe8 18.
Re1 Rb8 (18... Rxe1 19. Nxe1 Nb6 20. Ne3 h5 21. Kd3 Bh6 22. Nc4 $16 {[%csl Gd3]
_|_K[+],Spielmann,A-Szylar,E/Cannes op/1995/}) 19. a4 Nf6 20. Ne3 a6 21. Kd3 h5
22. Nd2 b5 23. axb5 $14 {Rodriguez,Or-Barbero,G/Benasque op/1993/}) (7. Bc4
cxd4 8. Nxd4 Nc6 9. Nxc6 bxc6 10. O-O Rb8 11. Qc2 Qa5 12. Bh4 Ba6 13. Bxa6 Qxa6
14. Rfe1 e5 15. b3 d5 16. exd5 Nxd5 17. Bg3 f6 18. f3 Bh6 19. Ne4 Rbd8 20. Bf2
Nf4 21. Nc5 Qa3 22. Rad1 Rd5 23. Ne4 Ne6 $10 {Toth,J-Krutti,V/HUN-tt
DSE-Nagykanizsa/1993/}) (7. Be2 cxd4 8. Nxd4 (8. cxd4 Nc6 (8... h6 $142 9. Bh4
g5 10. Bg3 Nh5 $15) 9. d5 Nb8 10. O-O Nbd7 11. Re1 Re8 12. h3 Nc5 13. Bc4 Bd7
14. a4 Rc8 15. e5 dxe5 16. Nxe5 Bf5 17. d6 Be6 18. Bxe6 fxe6 19. b4 exd6 20.
Ng4 Ncd7 21. Ne4 d5 22. Nd6 Qb6 23. Nxc8 Rxc8 24. Be3 $16 {Tangborn,E-Djeno,D/
Vienna op/1991/}) 8... Nbd7 9. O-O Nc5 10. Bf3 Bd7 11. Qe2 Rb8 12. Qe3 b5 13.
Bh6 e5 14. Nc2 Bc6 15. Bxg7 Kxg7 16. Rfd1 Qc7 17. Nb4 Bb7 18. Nd3 Nxd3 19. Qxd3
Rfd8 20. Qe3 Qc5 21. Re1 Qxe3 22. Rxe3 a5 23. Nf1 Kf8 $10 {Zdravko,M-Vasilev,V/
Zaragoza opC/1995/}) (7. h3 cxd4 8. cxd4 d5 (8... Qa5 9. Bd3 Nc6 10. Be3 $13)
9. e5 Ne4 10. Be3 f6 11. exf6 exf6 12. Qb3 Kh8 13. Bd3 f5 14. g3 Nc6 15. h4 Qe7
16. O-O-O Be6 17. Kb1 Nb4 18. Qa3 f4 $6 19. gxf4 Bf5 20. Ne5 a5 21. h5 Qe6 22.
Bxe4 dxe4 23. hxg6 $16 {Pihajlic,A-Sedina,E/JUG-chT Cetinje/1992/}) 7... cxd4
8. cxd4 (8. Nxd4 h6 9. Bh4 Nc6 $36) 8... h6 $1 (8... Nc6 9. h3 $1 (9. O-O h6
10. Be3 Ng4 11. Qb3 Nxe3 12. fxe3 e5 (12... e6 $5 $15 {^^}) 13. d5 Ne7 14. Nc4
f5 15. Nfd2 Kh8 16. Qb4 Rf6 17. Rac1 f4 18. exf4 exf4 19. Nf3 g5 20. Nd4 Ng6
21. Nb5 Bf8 22. Qc3 Bg7 23. Qb4 Bf8 24. Qc3 {1/2/Agababjan-Levitina/
Spartakiada/1979/}) 9... Qa5 (9... Bd7 10. O-O Qa5 11. Nc4 Qc7 12. Rc1 Rac8 13.
a3 b5 14. Ne3 Qb8 15. Qe2 a6 16. d5 Ne5 17. Nxe5 dxe5 18. Nc2 h6 19. Be3 Ne8
20. Nb4 Nd6 21. Nxa6 Qa8 22. Nc5 Be8 23. f3 f5 24. Ne6 $18 {Leuba,D-Deubelbeis,
R/SWZ-chT/1993/}) 10. Be3 e5 11. d5 Nb4 12. Bb1 Bd7 13. O-O Bb5 14. Re1 Qa6 15.
a4 Bd3 16. Qb3 Bxb1 17. Rexb1 Nd3 18. Qb5 Rfc8 19. Ne1 Nxe1 20. Rxe1 Rc2 21. b3
Bf8 22. Rec1 Rac8 23. Rxc2 Rxc2 24. Rd1 h5 25. Qxa6 bxa6 26. Bxa7 Bh6 $44 {
Soppe,G-Simonenko,S/Manila olm/1992/}) 9. Bh4 (9. Be3 Ng4 10. Bf4 e5 $1 $17)
9... Nh5 $36 (9... Bg4 10. h3 Bxf3 11. Nxf3 Nc6 12. d5 Nb4 13. O-O Nxd3 14.
Qxd3 Nh5 15. Nh2 Qd7 16. Qb3 Rfc8 17. Rac1 Kf8 18. Ng4 Rxc1 19. Rxc1 Rc8 20.
Re1 Rc5 21. Qe3 g5 22. Bg3 Nxg3 23. Qxg3 Qc7 24. e5 h5 $1 $17 {Sharif,
M-Apicella,M/FRA-chT/1995/}) 10. O-O (10. Nb3 Nc6 $36) 10... g5 $146 (10... Nc6
$6 11. d5 Nb4 12. Bc4 a5 13. Rb1 Na6 14. Nb3 a4 15. Nbd4 Nc5 16. Re1 g5 17. Bg3
Nxg3 18. hxg3 Qa5 19. b4 axb3 20. axb3 Qb4 21. Nc2 Qb6 22. Nfd4 Kh8 23. Qh5 e5
24. dxe6 fxe6 25. Rbd1 $14 {Strikovic,A-Vujadinovic,G/JUG-Cup f Pula/1991/})
11. Bg3 g4 12. Nh4 Nxg3 (12... Bxd4 $6 13. Nf5 Bxf5 14. exf5 Nf6 (14... Nxg3
15. Qxg4+ $16) 15. Ne4 $44) 13. hxg3 Bxd4 14. Nf5 Bxf5 15. exf5 h5 16. f6 $5 (
16. Ne4 d5 $17) (16. Qe2 Nd7 $5 (16... Nc6 17. f6 $1 Bxf6 18. Qe4 Re8 19. Qh7+
Kf8 20. Qxh5 $132) 17. Qe4 Bf6 $17) 16... Nd7 $6 (16... Bxf6 17. Qa4 $5 {
[%cal Ra4e4] /\Qe4} d5 18. Qf4 $44) (16... exf6 17. Nc4 d5 18. Ne3 $5 $132) (
16... e6 $1 17. Nc4 (17. Qa4 Nc6 $17) 17... d5 $17 {Black would be simply 2 P
up and White's counterchances would be very nebulous.}) 17. fxe7 Qxe7 18. Bf5
Nc5 19. Nc4 $44 {[%csl Rf6,Rg5,Rh6] ׻ Now White has active pieces and some
play against Black's K , which balances the situation.} Qf6 20. Qd2 d5 21. Ne3
Ne4 (21... Rad8 $5 22. Rad1 (22. Bxg4 Ne4 $1 23. Qc1 Bxb2 $19) 22... Bxe3 (
22... Be5 $2 23. Nxd5 $1 Qxf5 24. Ne7+ $18) 23. fxe3 Qg5 $15 (23... Qe5 24. e4
$5)) 22. Bxe4 dxe4 23. Nd5 Qe5 $8 (23... Qg7 $2 24. Ne7+ Kh8 25. Nf5 $18) 24.
Rfd1 Qxd5 (24... Bxb2 25. Rab1 Rad8 $1 $8 (25... Ba3 26. Qh6 $40) 26. Rxb2 Rxd5
27. Qxd5 Qxb2 28. Qxh5 $10) 25. Qxd4 Qxd4 26. Rxd4 f5 (26... Rfe8 27. Re1 Rac8
28. Rexe4 Rxe4 29. Rxe4 Rc1+ 30. Kh2 Rc2 31. Rb4 $10) 27. Rc1 $10 {White
occupies the open c and d-files, to activate his R Black will have to shed
material.} Rac8 (27... Rad8 28. Rxd8 Rxd8 29. Rc5 $10) 28. Rxc8 Rxc8 29. Rd5
Rc1+ (29... Rf8 30. Kf1 Kg7 31. Ke2 Kf6 32. Ke3 $44 {With a passive R Black
would have no winning chances at all. But even after the active move in the
game White has enough counterplay.}) 30. Kh2 Kf7 $5 (30... Rc2 31. Rxf5 Rxb2
32. a4 Kg7 33. Rxh5 (33. Kg1 Kg6 34. Re5 Rb4 35. a5 a6 $17 {[%cal Rb4b5] /\Rb5}
) 33... Rxf2 34. Rg5+ Kf6 35. Rxg4 Kf5 36. Rg7 e3 37. Rxb7 $10) 31. Rxf5+ Ke6
32. Rxh5 Rc2 33. Rg5 Rxf2 34. Rxg4 Kd5 (34... Kf5 $5 35. Rg7 (35. Rf4+ $2 Rxf4
36. gxf4 Kxf4 37. Kg1 Ke3 $1 38. g4 Kf4 $19) 35... Rxb2 36. g4+ (36. Rf7+ Ke6
$5 $15) 36... Kf4 (36... Kf6 37. Rc7 e3 38. Kg3 $10) 37. g5 e3 38. g6 Kg5 39.
Kg3 Kf6 40. Rc7 Kxg6 41. Kf3 e2 42. Kf2 Kf5 43. a4 $10) 35. Rg7 e3 36. Re7 Kd4
37. g4 Kd3 (37... Rxb2 38. g5 $10) 38. g5 Rxb2 39. g6 Rb6 40. g7 Rg6 41. Rxb7 (
41. Rxb7 e2 42. Re7 Kd2 43. Rd7+ Kc2 44. Re7 $10 {The black Rook can never
help her K, as it must watch White's Pg7.}) 1/2-1/2

[Event "Amsterdam Euwe Memorial"]
[Site "Amsterdam"]
[Date "1996.03.26"]
[Round "4"]
[White "Seirawan, Yasser"]
[Black "Topalov, Veselin"]
[Result "1/2-1/2"]
[WhiteElo "2630"]
[BlackElo "2700"]
[Annotator "Dautov,R"]
[PlyCount "84"]
[EventDate "1996.03.22"]
[EventType "tourn"]
[EventRounds "9"]
[EventCountry "NED"]
[EventCategory "18"]
[SourceTitle "CBM 052"]
[Source "ChessBase"]
[SourceDate "1996.06.01"]
[SourceVersion "1"]
[SourceVersionDate "1996.06.01"]
[SourceQuality "1"]

1. d4 Nf6 2. c4 e6 3. Nc3 Bb4 4. Qc2 O-O 5. a3 Bxc3+ 6. Qxc3 b6 7. Bg5 Bb7 8.
f3 h6 9. Bh4 d5 10. cxd5 exd5 11. e3 Re8 12. Bb5 (12. Bf2 c5 $1 13. Bb5 cxd4
14. Qxd4 Bc6 15. Bd3 Nbd7 $36 {Seirawan,Y-Karpov,An/Rotterdam 1989}) (12. Nh3
Qe7 $1 13. Bf2 c5 $1 14. Bb5 Bc6 15. Be2 Bd7 16. O-O Bxh3 17. gxh3 Nbd7 18. Kh1
Nh5 19. Rg1 Ndf6 20. dxc5 $6 bxc5 $15 {Gulko,B-Chandler,M/Hastings 1989}) (12.
O-O-O c5 13. dxc5 Nbd7 14. Bb5 Rc8 15. Kb1 Rxc5 16. Bxf6 Nxf6 17. Qd3 Re5 $15 {
Sadler,M-Gurevich,M/Linares zt (07) ;CBM 51 1995}) 12... c6 13. Ba4 Nbd7 $5 {N}
(13... b5 14. Bc2 c5 $1 15. Ne2 (15. Qxc5 Rxe3+ 16. Kf2 Re6 $36) 15... c4 16.
O-O a5 17. b4 Nc6 18. Rab1 axb4 19. axb4 Qe7 $15 {Timman-Hracek/Prague m/1995})
14. Ne2 Qe7 15. Bf2 Ba6 $1 16. b4 (16. Ng3 $6 c5 $36 {עe1}) (16. Qd2 c5 17.
O-O-O Rec8 18. Kb1 b5 19. Bc2 b4 20. axb4 cxb4 $15 {->}) 16... Rec8 $1 17. Qb2
Bc4 18. Bb3 (18. O-O $5 a5 19. b5 c5 (19... cxb5 20. Bxb5 Bxb5 21. Qxb5 Rc2 22.
Rfc1 $10) 20. Rfe1 $10) 18... b5 (18... Bxb3 19. Qxb3 c5 20. O-O cxd4 (20... c4
21. Qb2 b5 22. Nc3 a6 $10 {/\} 23. a4 a5 $1) 21. Nxd4 Rc4 22. Rac1 Ne5 $10) 19.
Bxc4 bxc4 20. O-O a5 21. Nc3 Rcb8 22. Rab1 axb4 23. axb4 Rb7 (23... c5 $5 24.
b5 (24. dxc5 Nxc5 $15 {[%csl Rd3] ><d3}) 24... cxd4 25. exd4 Ra3 26. Qc2 $10)
24. Rfe1 Qf8 (24... Rab8 $5 25. Bg3 Rxb4 26. Qa3 (26. Bxb8 $2 Rxb2 27. Rxb2 Qa3
$19) 26... R8b6 27. Na2 c5 28. Nxb4 cxb4 29. Qa8+ Qf8 (29... Kh7 30. e4 dxe4
31. fxe4 c3 32. e5 $16) 30. Qxf8+ Nxf8 31. e4 Ne6 32. Be5 $14) 25. e4 Rab8 26.
b5 dxe4 (26... cxb5 27. Bg3 (27. e5 $2 b4 $17) (27. Qb4 $1) 27... Ra8 28. e5
Nh5 29. Nxd5 Nxg3 30. hxg3 Qd8 $13) 27. fxe4 cxb5 28. Qb4 $1 $44 Qxb4 (28...
Ra8 29. Qxf8+ Kxf8 30. e5 Ng4 31. Nxb5 Rab8 32. Nc3 Rxb1 33. Rxb1 Rb3 34. Rc1
Rb2 35. Bg3 Ne3 36. Bf2 Ng4 $10) 29. Rxb4 Ra8 30. Reb1 (30. Rxb5 Rxb5 31. Nxb5
Ra2 $10) 30... Ra3 31. Be1 (31. Nxb5 $2 Rd3 32. e5 Ne4 $17 {/\} 33. Rxc4 $2
Rxb5 $1 $19) 31... Nf8 32. Nxb5 (32. e5 $2 Rxc3 $1 33. Bxc3 Nd5 $17) (32. d5 $5
) 32... Rd3 33. e5 Nd5 34. Rxc4 Ne6 $10 35. Rcc1 Nxd4 36. Nxd4 Rxb1 37. Rxb1
Rxd4 38. Rb8+ Kh7 39. Rd8 Kg6 40. Bg3 Rd2 41. Rd6+ Kf5 42. Rd7 Kg6 1/2-1/2

[Event "Madrid"]
[Site "Madrid"]
[Date "1996.05.09"]
[Round "2"]
[White "Shirov, Alexei"]
[Black "Topalov, Veselin"]
[Result "1/2-1/2"]
[WhiteElo "2690"]
[BlackElo "2700"]
[Annotator "Schulz,Andre"]
[PlyCount "45"]
[EventDate "1996.05.08"]
[EventType "tourn"]
[EventRounds "9"]
[EventCountry "ESP"]
[EventCategory "17"]
[SourceTitle "CBM 053"]
[Source "ChessBase"]
[SourceDate "1996.08.01"]
[SourceVersion "1"]
[SourceVersionDate "1996.08.01"]
[SourceQuality "1"]

1. e4 c5 2. Nf3 d6 3. d4 cxd4 4. Nxd4 Nf6 5. Nc3 g6 6. Be3 Bg7 7. Be2 {Shirov
hat diemal keine Lust auf ein theoretisches Duell mit dem Drachenexprten
Topalov.} O-O 8. Qd2 Nc6 9. O-O-O {Kurze Rochade war ihm dann anscheinend doch
zu blöde.} Nxd4 (9... Ng4 $5 10. Bxg4 Bxg4 11. f3 Be6 12. Kb1 Qa5 13. Nde2 Rfc8
14. Nd5 Bxd5 15. Qxd5 Qa6 16. Qd2 Bxb2 17. Kxb2 Ne5 18. Ka1 Nc4 19. Qd3 Nxe3
20. Qxe3 Rxc2 21. Nc1 Rac8 22. Qb3 R8c3 23. Qb1 Rxg2 24. Rd3 Qc4 25. Rhd1 Rgc2
{0-1 Knezevic,B-Kahn,E/Budapest FS04 IM (05) ;EXT 95 1995}) 10. Bxd4 Be6 11. h4
$146 Qa5 12. Qg5 b5 $5 {Ein typisches Drachenmotiv: Tausche b-Bauer gegen
halboffene b-Linie.} (12... Qxg5+ 13. hxg5 Nd7 14. Bxg7 Kxg7 $10) 13. Qxb5 Qc7
14. e5 (14. h5 Rfb8 $40) 14... Ne8 (14... Rfb8 $5) 15. exd6 Nxd6 16. Qc5 Qxc5
17. Bxc5 Bxc3 18. bxc3 Rfc8 19. Bxd6 exd6 20. Rxd6 Rxc3 21. h5 Rc5 22. Kb2 Rf5
23. Rb1 (23. Rb1 Rxf2 $15) 1/2-1/2

[Event "Leon"]
[Site "Leon"]
[Date "1996.??.??"]
[Round "3"]
[White "Illescas Cordoba, Miguel"]
[Black "Topalov, Veselin"]
[Result "1/2-1/2"]
[WhiteElo "2635"]
[BlackElo "2700"]
[PlyCount "61"]
[EventDate "1996.06.??"]
[EventType "tourn"]
[EventRounds "6"]
[EventCountry "ESP"]
[EventCategory "17"]
[SourceTitle "CBM 054"]
[Source "ChessBase"]
[SourceDate "1996.10.01"]
[SourceVersion "1"]
[SourceVersionDate "1996.10.01"]
[SourceQuality "1"]

1. d4 Nf6 2. c4 c5 3. d5 b5 4. Nf3 g6 5. cxb5 a6 6. b6 d6 7. Nc3 Nbd7 8. a4
Qxb6 9. a5 Qa7 10. e4 Bg7 11. Be2 O-O 12. O-O Rb8 13. Nd2 Ne8 14. Nc4 Nc7 15.
Bg5 Re8 16. Na4 Nb5 17. Nab6 Qb7 18. Ra2 Nf6 19. Bxf6 Bxf6 20. Nxc8 Rbxc8 21.
Nb6 Rb8 22. Bc4 Nc7 23. Qd3 Qa7 24. b3 Na8 25. Nxa8 Rxa8 26. g3 Reb8 27. Kg2
Kg7 28. h4 h5 29. Re1 Bd4 30. Rb1 Rb4 31. Qe2 1/2-1/2

[Event "Leon"]
[Site "Leon"]
[Date "1996.??.??"]
[Round "6"]
[White "Topalov, Veselin"]
[Black "Illescas Cordoba, Miguel"]
[Result "1/2-1/2"]
[WhiteElo "2700"]
[BlackElo "2635"]
[PlyCount "119"]
[EventDate "1996.06.??"]
[EventType "tourn"]
[EventRounds "6"]
[EventCountry "ESP"]
[EventCategory "17"]
[SourceTitle "CBM 054"]
[Source "ChessBase"]
[SourceDate "1996.10.01"]
[SourceVersion "1"]
[SourceVersionDate "1996.10.01"]
[SourceQuality "1"]

1. e4 c6 2. d4 d5 3. e5 Bf5 4. Nf3 e6 5. Be2 c5 6. Be3 Qb6 7. dxc5 Bxc5 8. Bxc5
Qxc5 9. Qd4 Nd7 10. Nc3 a6 11. Qxc5 Nxc5 12. Nd4 Ne7 13. f4 h5 14. O-O-O Rc8
15. Rhe1 Bg6 16. Bd3 Bxd3 17. cxd3 Nc6 18. Nxc6 Rxc6 19. Kd2 g6 20. Rc1 Ke7 21.
Ne2 Rhc8 22. Nd4 R6c7 23. h4 Na4 24. Rxc7+ Rxc7 25. b3 Nb6 26. a4 Nc8 27. b4
Kd7 28. Rb1 Na7 29. b5 axb5 30. axb5 Rc5 31. Ke3 b6 32. Rb3 Ke7 33. Kf3 f5 34.
exf6+ Kxf6 35. Ke3 Nc8 36. Rb1 Nd6 37. Kd2 e5 38. fxe5+ Kxe5 39. Rb4 Nc4+ 40.
dxc4 Kxd4 41. cxd5+ Kxd5 42. Kd3 Rc1 43. Rf4 Ke5 44. Re4+ Kf5 45. Rd4 Rc5 46.
Rb4 Re5 47. g3 Re1 48. Rf4+ Ke5 49. Rf3 Rc1 50. Rf4 Rg1 51. Rf3 Kd5 52. Ke3 Ke5
53. Kd3 Kd5 54. Ke3 Ke5 55. Kd3 Ra1 56. Kc4 Ra4+ 57. Kb3 Rg4 58. Rd3 Rd4 59.
Rc3 Rg4 60. Rd3 1/2-1/2

[Event "Novgorod 3rd"]
[Site "Novgorod"]
[Date "1996.07.23"]
[Round "4"]
[White "Topalov, Veselin"]
[Black "Short, Nigel D"]
[Result "1/2-1/2"]
[WhiteElo "2750"]
[BlackElo "2695"]
[Annotator "Short,N"]
[PlyCount "101"]
[EventDate "1996.07.20"]
[EventType "tourn"]
[EventRounds "10"]
[EventCountry "RUS"]
[EventCategory "19"]
[SourceTitle "CBM 054"]
[Source "ChessBase"]
[SourceDate "1996.10.01"]
[SourceVersion "1"]
[SourceVersionDate "1996.10.01"]
[SourceQuality "1"]

1. e4 e5 2. Nf3 Nc6 3. Bb5 a6 4. Ba4 Nf6 5. O-O Be7 6. Re1 d6 7. c3 Bg4 8. d3
Nd7 9. Nbd2 Nc5 10. Bc2 Ne6 $1 11. h3 Bh5 12. Nf1 (12. g4 Bg6 13. Nf1 h5 $132)
12... Ng5 13. Bxg5 (13. N1h2 $5) 13... Bxg5 14. Ng3 Bxf3 15. Qxf3 g6 $10 16.
Rad1 Qf6 17. Qe2 O-O (17... Nd8 $5 {Xf4 /\} 18. Nf1 h5 (18... Ne6 $6 19. g3)
19. Ba4+ Kf8 $13) 18. Nf1 Qg7 19. Nh2 f5 20. Nf3 Bf6 21. d4 exd4 22. cxd4 Rae8
23. Qc4+ Kh8 $6 (23... Qf7 $1 {/\} 24. Qxf7+ Kxf7 25. exf5 Nxd4 26. Nxd4 Rxe1+
27. Rxe1 Bxd4 $10) 24. Kf1 $1 (24. exf5 Rxe1+ 25. Rxe1 Nxd4 {Xf2}) 24... fxe4
25. Bxe4 $14 Nd8 26. b4 Re7 27. Re3 $1 Rfe8 $2 (27... Qf7 $142 $1 28. Bd5 Qg7 {
/\c7-c6}) 28. Rde1 $16 Qh6 (28... Qf7 $2 29. Bd5 Qg7 30. Qxc7 $1 $18) 29. a4 c6
$5 (29... Qg7 30. g3 Qh6 31. Kg2 Qg7 32. b5 $16) 30. d5 b5 31. axb5 $2 (31. Qa2
$1 cxd5 32. Qxd5 bxa4 33. Qxd6 $16) 31... cxb5 32. Qa2 Qg7 $2 (32... Nf7 $1 33.
Qxa6 Ng5 $1 34. Qxd6 Nxe4 35. Rxe4 Rxe4 36. Rxe4 Rxe4 37. Qxf6+ Qg7 $10) 33.
Qxa6 Bc3 34. Rc1 (34. R1e2 $142 Bxb4 35. Qxb5 Qa1+ $8 (35... Bc5 36. Bxg6 $1
$18) 36. Ne1 Bxe1 (36... Bc5 37. Bxg6) 37. Rxe1 Qf6 $14) 34... Bxb4 35. Qxb5
Bc5 $44 36. Re2 Qf6 (36... Rxe4 $2 37. Qxe8+ Rxe8 38. Rxe8+ Qg8 39. Rxg8+ $18)
37. Bd3 Rxe2 38. Bxe2 Re4 $138 39. Bd3 Re7 40. Qa6 Ra7 41. Qc4 Nf7 (41... Ra3
$142) 42. Qc3 Ne5 43. Qb2 $1 Re7 44. Re1 Kg7 $6 (44... Kg8) 45. Nd4 $1 h5 $1 (
45... Nxd3 $2 46. Rxe7+ Kf8 (46... Qxe7 47. Nf5+ Kf8 48. Qh8+ Kf7 49. Nh6#) 47.
Ne6+ $1 Kxe7 48. Qb7+ Ke8 49. Qc8+ Ke7 50. Qd8+ Kf7 51. Qf8#) (45... Kf7 46.
Nc6 Nxc6 47. Qxf6+ Kxf6 48. dxc6 $16) 46. Nf3 (46. Bb1 $5 Bxd4 47. Qxd4 Rf7 $44
) 46... Rf7 (46... Bxf2 $1 47. Qxf2 (47. Rxe5 dxe5 48. Kxf2 e4 49. Qxf6+ Kxf6
50. d6 Re6 {/\} 51. d7 Ke7 52. Bc4 Rf6 $17) 47... Nxd3 48. Rxe7+ Qxe7 49. Qd4+
Ne5 $10) 47. Be4 Nxf3 48. Qxf6+ Kxf6 49. Bxf3 Re7 50. Rb1 Ra7 51. Rb2 1/2-1/2

[Event "Novgorod 3rd"]
[Site "Novgorod"]
[Date "1996.07.30"]
[Round "9"]
[White "Topalov, Veselin"]
[Black "Gelfand, Boris"]
[Result "1/2-1/2"]
[WhiteElo "2750"]
[BlackElo "2665"]
[Annotator "Gelfand,B"]
[PlyCount "43"]
[EventDate "1996.07.20"]
[EventType "tourn"]
[EventRounds "10"]
[EventCountry "RUS"]
[EventCategory "19"]
[SourceTitle "CBM 054"]
[Source "ChessBase"]
[SourceDate "1996.10.01"]
[SourceVersion "1"]
[SourceVersionDate "1996.10.01"]
[SourceQuality "1"]

1. Nf3 Nf6 2. c4 g6 3. Nc3 Bg7 4. e4 d6 5. d4 O-O 6. Be2 e5 7. O-O Nc6 8. d5
Ne7 9. b4 Nh5 10. Re1 f5 11. Ng5 Nf6 12. Bf3 fxe4 $5 $146 (12... c6 13. Bb2 {
Dautov-Kindermann,96,66/}) 13. Ncxe4 (13. Ngxe4 $5 Nf5 14. Bg5 Nd4 15. Nb5 $1
Nxf3+ 16. Qxf3 $14 {Kramnik-Gelfand,Vienna,1996}) 13... Nf5 14. Nxf6+ (14. Ne6
Bxe6 15. dxe6 c6 (15... Nd4 16. Nxf6+ Qxf6 17. Bxb7 Rab8 18. Bd5 Qxf2+ 19. Kh1
Kh8 20. Be3 $16) 16. Bg5 Nd4) 14... Bxf6 15. Ne4 Nd4 16. Be3 (16. Be2 Nxe2+ (
16... a5 $5) 17. Qxe2 Bf5 18. Bh6 Rf7 19. Qd2 Bh4 $10) 16... Nxf3+ 17. Qxf3 Bh4
$5 (17... Bg7 {Epishin- Danailov,Vienna op,1996}) 18. Qe2 Bf5 19. Nc3 (19. Nd2
$5 Bg5 20. c5 (20. Bxg5 Qxg5 $10) 20... Bxe3 21. fxe3 (21. Qxe3 Qh4 $132) 21...
Qg5 $13 (21... dxc5 $140 22. e4)) 19... Bg5 20. a3 (20. c5 Bxe3 21. Qxe3 (21.
fxe3 Qg5 22. e4 Bg4 23. Qe3 Rf4 $132) 21... Qh4 22. a3 Qc4 23. Rac1 a5 24. cxd6
axb4 $13 (24... cxd6 25. Na4)) 20... Bxe3 21. Qxe3 (21. fxe3 Qg5) 21... Rf7 (
21... Qh4 $142) 22. c5 (22. c5 a6 23. Rac1 $14 (23. b5 axb5 24. Nxb5 Ra4 $13))
1/2-1/2